Detalles MARC
| 000 -CABECERA |
| campo de control de longitud fija |
01115nam a2200277 a 4500 |
| 001 - NÚMERO DE CONTROL |
| campo de control |
000025058 |
| 005 - FECHA Y HORA DE LA ÚLTIMA TRANSACCIÓN |
| campo de control |
20200930023533.0 |
| 008 - DATOS DE LONGITUD FIJA--INFORMACIÓN GENERAL |
| campo de control de longitud fija |
110209s1972 mx r 000 0 spa d |
| 040 ## - FUENTE DE LA CATALOGACIÓN |
| Centro catalogador/agencia de origen |
DO-SdBNP |
| Lengua de catalogación |
spa |
| Centro/agencia transcriptor |
BNPHU |
| 041 17 - CÓDIGO DE LENGUA |
| Código de lengua del texto/banda sonora o título independiente |
spa |
| Código de lengua original |
eng |
| Fuente del código |
Código de idiomas MARC |
| 082 ## - NÚMERO DE LA CLASIFICACIÓN DECIMAL DEWEY |
| Número de clasificación |
nn* |
| Número de documento/Ítem |
nn* |
| 049 ## - FONDOS LOCALES (OCLC) |
| Fondos de biblioteca |
BNGR |
| 100 1# - ENTRADA PRINCIPAL--NOMBRE DE PERSONA |
| Nombre de persona |
Eraut, Michael. |
| 9 (RLIN) |
51411 |
| 240 10 - TÍTULO UNIFORME |
| Título uniforme |
Fundamentals of arithmetic. |
| Lenguaje de la obra |
Español |
| 245 10 - MENCIÓN DE TÍTULO |
| Título |
Fundamentos de aritmética / |
| Mención de responsabilidad, etc. |
Michael Eraut ; traducción de Antonio Abaunza de la Escosura... [et al.]. |
| 260 ## - PUBLICACIÓN, DISTRIBUCIÓN, ETC. |
| Lugar de publicación, distribución, etc. |
México, D. F. : |
| Nombre del editor, distribuidor, etc. |
Centro Regional de Ayuda Técnica. Agencias para el Desarrollo Internacional, |
| Fecha de publicación, distribución, etc. |
1972. |
| 300 ## - DESCRIPCIÓN FÍSICA |
| Extensión |
527 p. ; |
| Dimensiones |
23 cm. |
| 490 1# - MENCIÓN DE SERIE |
| Mención de serie |
Serie Básica de Matemáticas |
| 534 ## - NOTA SOBRE LA VERSIÓN ORIGINAL |
| Encabezamiento principal del original |
Título de la obra original : |
| Mención de título del original |
Fundamentals of arithmetic |
| 700 1# - PUNTO DE ACCESO ADICIONAL--NOMBRE DE PERSONA |
| Nombre de persona |
Abaunza de la Escosura, Antonio, |
| Término indicativo de función/relación |
tr. |
| 9 (RLIN) |
51412 |
| 700 1# - PUNTO DE ACCESO ADICIONAL--NOMBRE DE PERSONA |
| Nombre de persona |
Calvo Arjona, José B., |
| Término indicativo de función/relación |
tr. |
| 9 (RLIN) |
51413 |
| 700 1# - PUNTO DE ACCESO ADICIONAL--NOMBRE DE PERSONA |
| Nombre de persona |
Frontana de la Cruz, Bernardo, |
| Término indicativo de función/relación |
tr. |
| 9 (RLIN) |
51414 |
| 700 1# - PUNTO DE ACCESO ADICIONAL--NOMBRE DE PERSONA |
| Nombre de persona |
García Altamirano, Gabriel, |
| Término indicativo de función/relación |
tr. |
| 9 (RLIN) |
51415 |
| 700 1# - PUNTO DE ACCESO ADICIONAL--NOMBRE DE PERSONA |
| Nombre de persona |
Rojas de Bengardi, Arturo, |
| Término indicativo de función/relación |
tr. |
| 9 (RLIN) |
51416 |
| 830 #0 - PUNTO DE ACCESO ADICIONAL DE SERIE-TÍTULO UNIFORME |
| Título uniforme |
Serie Básica de Matemáticas |
| 9 (RLIN) |
51417 |